After writing culture : epistemology and praxis in contemporary anthropology
Αποθηκεύτηκε σε:
| Άλλοι συγγραφείς: | , , |
|---|---|
| Μορφή: | Βιβλίο |
| Γλώσσα: | English |
| Δημοσίευση: |
London :
Routledge,
c1997
|
| Σειρά: | A.S.A. monographs ;
; 34 |
| Θέματα: | |
| Ετικέτες: |
Προσθήκη ετικέτας
Δεν υπάρχουν, Καταχωρήστε ετικέτα πρώτοι!
|
MARC
| LEADER | 00000nam a2200000 i 4500 | ||
|---|---|---|---|
| 001 | 1/76814 | ||
| 008 | 990401s1997 eng d | ||
| 020 | |a 0-415-15005-1 | ||
| 035 | |l 10049700 | ||
| 040 | |a GR-MY-UA |b gre |e aacr | ||
| 041 | 0 | |a eng | |
| 082 | 0 | |a 306 | |
| 245 | 1 | 0 | |a After writing culture : |b epistemology and praxis in contemporary anthropology / |c Edited by Allison James, Jenny Hockey and Andrew Dawson |
| 260 | |a London : |b Routledge, |c c1997 | ||
| 300 | |a 273 p. |b fig. | ||
| 490 | 1 | |a Association of Social Anthropologists monographs series | |
| 504 | |a Includes bibliographical references and indexes | ||
| 650 | 0 | 0 | |a Ethnology |x Philosophy. |
| 650 | 0 | 0 | |a Ethnology |x Methodology. |
| 650 | 0 | 0 | |a Ethnology |x Authorship. |
| 700 | 1 | |a James, Allison. |4 edt | |
| 700 | 1 | |a Hockey, Jennifer Lorna. |4 edt | |
| 700 | 1 | |a Dawson, Andrew |d 1962- |4 edt | |
| 830 | 0 | |a A.S.A. monographs ; |v ; 34 | |
| 852 | |a INST |b LESVOS |e 19990401 |h 306 AFT |p 005100016805 |q 005100016805 |t BK |y 0 | ||
| 852 | |a INST |b LESVOS |e 19991126 |h 306 AFT |p 005100022025 |q 005100022025 |t BK |y 0 | ||
| 901 | |a BIBL-1999-1 | ||
| 909 | |a Λ |b 065008 | ||
| 909 | |a Λ |b 066923 | ||
| 922 | |a 1ΕΛΗ |b 199903 |c ΚΠΣ/ΤΓ |d LEADER | ||
| 922 | |a 1ΕΛΗ |b 199907 |c ΚΠΣ/ΤΚΑ |d ΠΑΠΑΣΩΤΗΡΙΟΥ | ||
| 950 | |a 118-1998-10-19 | ||
| 950 | |a 117-1998-07-12 | ||